<?xml version="1.0" encoding="UTF-8"?>
<record
    xmlns:xsi="http://www.w3.org/2001/XMLSchema-instance"
    xsi:schemaLocation="http://www.loc.gov/MARC21/slim http://www.loc.gov/standards/marcxml/schema/MARC21slim.xsd"
    xmlns="http://www.loc.gov/MARC21/slim">

  <leader>02814nas a2200337 i 4500</leader>
  <controlfield tag="005">20251209085620.0</controlfield>
  <controlfield tag="007">ta</controlfield>
  <controlfield tag="008">250722e2023    dr un|p|r||||||0| | spa d</controlfield>
  <datafield tag="040" ind1=" " ind2=" ">
    <subfield code="a">AGN</subfield>
    <subfield code="b">spa</subfield>
    <subfield code="c">AGN</subfield>
    <subfield code="d">DO-SdBNP</subfield>
    <subfield code="e">rda</subfield>
  </datafield>
  <datafield tag="041" ind1=" " ind2=" ">
    <subfield code="a">spa</subfield>
  </datafield>
  <datafield tag="110" ind1=" " ind2=" ">
    <subfield code="a">Mercado Media Network</subfield>
    <subfield code="9">88419</subfield>
  </datafield>
  <datafield tag="245" ind1=" " ind2=" ">
    <subfield code="a">RD Contry Report : </subfield>
    <subfield code="b">la radiograf&#xED;a de una econom&#xED;a en auge /</subfield>
    <subfield code="c">Mercado Media Network.</subfield>
  </datafield>
  <datafield tag="264" ind1=" " ind2=" ">
    <subfield code="a">Santo Domingo, Rep&#xFA;blica Dominicana :</subfield>
    <subfield code="b">Mercado Media Network, </subfield>
    <subfield code="c">2023.</subfield>
  </datafield>
  <datafield tag="300" ind1=" " ind2=" ">
    <subfield code="a">volumen : </subfield>
    <subfield code="b">ilustraciones, fotograf&#xED;as, gr&#xE1;ficas ; </subfield>
    <subfield code="c">28 cm.</subfield>
  </datafield>
  <datafield tag="310" ind1=" " ind2=" ">
    <subfield code="a">Desconocida.</subfield>
  </datafield>
  <datafield tag="336" ind1=" " ind2=" ">
    <subfield code="a">texto</subfield>
    <subfield code="b">txt</subfield>
    <subfield code="2">rdacontent</subfield>
  </datafield>
  <datafield tag="337" ind1=" " ind2=" ">
    <subfield code="a">sin mediaci&#xF3;n </subfield>
    <subfield code="b">n</subfield>
    <subfield code="2">rdamedia</subfield>
  </datafield>
  <datafield tag="338" ind1=" " ind2=" ">
    <subfield code="a">volumen </subfield>
    <subfield code="b">nc</subfield>
    <subfield code="2">rdacarrier</subfield>
  </datafield>
  <datafield tag="362" ind1=" " ind2=" ">
    <subfield code="a">A&#xF1;o 2023-2024.</subfield>
  </datafield>
  <datafield tag="500" ind1=" " ind2=" ">
    <subfield code="a">El Country Report by Mercado, recorre los sectores clave de la Rep&#xFA;blica Dominicana y presenta a los principales jugadores pol&#xED;ticos, econ&#xF3;micos y sociales de la media isla, quienes hablan sobre las excelentes oportunidades de negocios e inversiones, con informaci&#xF3;n de primera.</subfield>
  </datafield>
  <datafield tag="500" ind1=" " ind2=" ">
    <subfield code="a">Con informaci&#xF3;n de primera mano, el Country Report recorre los sectores econ&#xF3;micos clave de la Rep&#xFA;blica Dominicana y presenta la visi&#xF3;n del pa&#xED;s a potenciales inversionistas y tomadores de decisiones nacionales e internacionales.</subfield>
  </datafield>
  <datafield tag="520" ind1=" " ind2=" ">
    <subfield code="a">RD Country Report 2023-2024: 
Esta segunda edici&#xF3;n del Country Report ilustra de cuerpo entero a los principales &#x2018;players&#x2019; de los sectores que mueven y dinamizan la econom&#xED;a de un pa&#xED;s que sabe c&#xF3;mo hacer grandes negocios. Desde el sector de Gobierno, Diplomacia, pasando por Industria y Comercio, Transporte y Log&#xED;stica, Medioambiente, esta edici&#xF3;n hace hincapi&#xE9; en el papel que han jugado las alianzas p&#xFA;blico-privadas, el desempe&#xF1;o de las Zonas Francas, sin dejar de lado al sector Turismo, principal motor econ&#xF3;mico y carta de presentaci&#xF3;n de Rep&#xFA;blica Dominicana. El Country Report complementa la participaci&#xF3;n de Mercado Media Network en su calidad de media partner en FITUR 2024. A trav&#xE9;s de sus p&#xE1;ginas, Mercado Media Network invita a recorrer la visi&#xF3;n de un pa&#xED;s resistente, que ha sabido plantarle cara al futuro, con un rumbo claro y en com&#xFA;n entre sus participantes.</subfield>
  </datafield>
  <datafield tag="650" ind1=" " ind2="0">
    <subfield code="a">Energ&#xED;a y Minas</subfield>
    <subfield code="9">88420</subfield>
    <subfield code="v">Publicaciones peri&#xF3;dicas </subfield>
    <subfield code="z">Rep&#xFA;blica Dominicana</subfield>
  </datafield>
  <datafield tag="650" ind1=" " ind2="0">
    <subfield code="a">Finanzas</subfield>
    <subfield code="9">641</subfield>
    <subfield code="v">Publicaciones peri&#xF3;dicas </subfield>
    <subfield code="z">Rep&#xFA;blica Dominicana</subfield>
  </datafield>
  <datafield tag="650" ind1=" " ind2="0">
    <subfield code="a">Telecomunicaciones</subfield>
    <subfield code="v">Publicaciones peri&#xF3;dicas </subfield>
    <subfield code="y">Rep&#xFA;blica Dominicana</subfield>
    <subfield code="9">550</subfield>
  </datafield>
  <datafield tag="650" ind1=" " ind2="0">
    <subfield code="a">Construcci&#xF3;n</subfield>
    <subfield code="9">44885</subfield>
    <subfield code="v">Publicaciones peri&#xF3;dicas </subfield>
    <subfield code="z">Rep&#xFA;blica Dominicana</subfield>
  </datafield>
  <datafield tag="650" ind1=" " ind2="0">
    <subfield code="a">Transporte </subfield>
    <subfield code="v">Publicaciones peri&#xF3;dicas </subfield>
    <subfield code="z">Rep&#xFA;blica Dominicana</subfield>
    <subfield code="9">79455</subfield>
  </datafield>
  <datafield tag="650" ind1=" " ind2="0">
    <subfield code="a">Salud</subfield>
    <subfield code="v">Publicaciones peri&#xF3;dicas </subfield>
    <subfield code="z">Rep&#xFA;blica Dominicana</subfield>
    <subfield code="9">1687</subfield>
  </datafield>
  <datafield tag="650" ind1=" " ind2="0">
    <subfield code="a">Educaci&#xF3;n</subfield>
    <subfield code="v">Publicaciones peri&#xF3;dicas </subfield>
    <subfield code="z">Rep&#xFA;blica Dominicana</subfield>
    <subfield code="9">18994</subfield>
  </datafield>
  <datafield tag="942" ind1=" " ind2=" ">
    <subfield code="2">ddc</subfield>
    <subfield code="c">ISSUE</subfield>
  </datafield>
  <datafield tag="952" ind1=" " ind2=" ">
    <subfield code="0">0</subfield>
    <subfield code="1">0</subfield>
    <subfield code="2">ddc</subfield>
    <subfield code="4">0</subfield>
    <subfield code="5">6</subfield>
    <subfield code="7">0</subfield>
    <subfield code="8">SE</subfield>
    <subfield code="a">BNPHU</subfield>
    <subfield code="b">BNPHU</subfield>
    <subfield code="d">2025-07-22</subfield>
    <subfield code="h">A&#xF1;o 2023-2024</subfield>
    <subfield code="l">0</subfield>
    <subfield code="p">2025-7056</subfield>
    <subfield code="r">2025-07-22</subfield>
    <subfield code="t">e.1</subfield>
    <subfield code="w">2025-07-22</subfield>
    <subfield code="y">ISSUE</subfield>
  </datafield>
  <datafield tag="999" ind1=" " ind2=" ">
    <subfield code="c">59613</subfield>
    <subfield code="d">59613</subfield>
  </datafield>
</record>
